|
|
|
|
| LEADER |
00974nam a22002417a 4500 |
| 001 |
37843 |
| 003 |
BD-DhAAL |
| 008 |
220224t1973 mau||||| b||| 001 0 eng d |
| 999 |
|
|
|c 43583
|d 43583
|
| 040 |
|
|
|a BD-DhAAL
|
| 082 |
|
|
|a 155.5
|
| 245 |
|
|
|a Understanding adolescence :
|b current development in adolescent psychology /
|c edited by James Frederick Adams
|
| 260 |
|
|
|a Boston :
|b Allyn and Bacon,
|c c1973.
|
| 300 |
|
|
|a x, 511 pages ;
|c 24 cm.
|
| 504 |
|
|
|a Includes bibliographical references and index.
|
| 526 |
|
|
|a BIED
|
| 541 |
|
|
|a Complimentary copy from BIED
|e 37843
|
| 650 |
|
|
|a Adolescent psychology.
|9 46080
|
| 650 |
|
|
|a Psychology.
|9 46081
|
| 700 |
|
|
|a Adams, James Frederick
|9 46082
|
| 852 |
|
|
|a Ayesha Abed Library
|c BIED Collection
|
| 942 |
|
|
|2 ddc
|c BK
|
| 952 |
|
|
|0 0
|1 0
|2 ddc
|4 0
|6 155_500000000000000_UND
|7 0
|9 69897
|a BRACUL
|b BRACUL
|c GEN
|d 2022-02-24
|e Complimentary copy from BIED
|l 0
|o 155.5 UND
|p 3010037843
|r 2022-02-24
|t 1
|w 2022-02-24
|y BK
|x Transferred from BIED to General Stacks
|